| 000 | 00640nam a2200205 i 4500 | ||
|---|---|---|---|
| 001 | 134397 | ||
| 003 | ES-MaACL | ||
| 005 | 20230906194651.0 | ||
| 007 | t| | ||
| 008 | 070910s1978 sp ||||1| spa d | ||
| 020 | _a84-400-4739-8 | ||
| 100 | 1 |
_aXiménez Vicente, L. _9117513 |
|
| 245 | 1 | 0 |
_aContestaciones para la licenciatura de medicina / _cL. Ximénez Vicente. |
| 250 | _a7ª ed. | ||
| 260 |
_aMadrid : _b[L. Ximénez Vicente], _c1978. |
||
| 300 |
_a654 p. : _bil. ; _c31 cm. |
||
| 650 |
_aMedicina- _vExámenes, tests, etc. _9159567 |
||
| 650 | 0 | 0 |
_aMedicina- _xContestaciones para oposiciones. _914896 |
| 852 |
_aES-MaACL _jL-9067 |
||
| 999 |
_c134397 _d134397 |
||